Sports Quiz

Random Sports or Tennis Quiz

Players who defeated Nadal before the QF of a GS Quiz Stats

 Plays Quiz not verified by Sporcle

Challenge
Share
Tweet
Embed
Score 0/16 Timer 06:00
0 Plays Today
Year - Grand Slam Player % Correct
2009 - French Open (4th round)Robin Söderling
86.3%
2017 - Wimbledon (4th round)Gilles Müller
86.3%
2014 - Wimbledon (4th round)Nick Kyrgios
80.4%
2012 - Wimbledon (2nd round)Lukáš Rosol
75.5%
2013 - Wimbledon (1st round)Steve Darcis
74.5%
2016 - Australian Open (1st round)Fernando Verdasco
74.5%
2015 - Wimbledon (2nd round)Dustin Brown
73.5%
2015 - US Open (3rd round)Fabio Fognini
64.7%
Year - Grand Slam Player % Correct
2016 - US Open (4th round)Lucas Pouille
60.8%
2004 - Australian Open (3rd round)Lleyton Hewitt
58.8%
2005 - Australian Open (4th round)Lleyton Hewitt
58.8%
2005 - Wimbledon (2nd round)Gilles Müller
55.9%
2004 - US Open (2nd round)Andy Roddick
54.9%
2005 - US Open (3rd round)James Blake
42.2%
2003 - US Open (2nd round)Younes El Aynaoui
13.7%
2003 - Wimbledon (3rd round)Paradorn Srichaphan
12.7%

You're not logged in!

Compare scores with friends on all Sporcle quizzes.
Join for Free
OR
Log In

You Might Also Like...

Show Comments

Extras

Top Quizzes Today


Score Distribution

Your Account Isn't Verified!

In order to create a playlist on Sporcle, you need to verify the email address you used during registration. Go to your Sporcle Settings to finish the process.

Report this User

Report this user for behavior that violates our Community Guidelines.

Details: